Statistics for Biggest US Cities in 1830

Click here to take the quiz!

General Stats

  • This quiz has been taken 51 times
  • The average score is 27 of 50

Answer Stats

StateCityPopulation% Correct
NYNew York202,589
100%
MDBaltimore80,620
96%
MABoston61,392
96%
PAPhiladelphia80,462
96%
LANew Orleans46,082
93%
PAPittsburgh12,568
93%
VARichmond16,060
93%
NYAlbany24,209
89%
SCCharleston30,289
89%
RIProvidence16,833
89%
NYBuffalo8,668
85%
OHCincinnati24,831
81%
MD (DC)Washington18,826
81%
CTHartford7,074
78%
NJNewark10,953
78%
KYLouisville10,341
74%
VANorfolk9,814
74%
NYBrooklyn12,406
70%
CTNew Haven10,180
70%
NYRochester9,207
70%
GASavannah7,303
70%
MEPortland12,598
67%
KYLexington6,026
59%
MASalem13,895
59%
VA (DC)Alexandria8,241
56%
GAAugusta6,710
56%
MASpringfield6,784
52%
PANorthern Liberties28,872
48%
MACambridge6,072
44%
MALowell6,474
41%
RINewport8,010
41%
DEWilmington6,628
41%
MANantucket7,202
37%
MANew Bedford7,592
33%
NHPortsmouth8,026
33%
NYUtica8,323
33%
MD (DC)Georgetown8,441
30%
PASouthwark20,581
30%
PALancaster7,704
26%
NYTroy11,556
26%
MALynn6,138
22%
MANewburyport6,375
19%
VAPetersburg8,322
19%
MACharlestown8,783
15%
PAKensington13,394
15%
PAMoyamensing6,822
11%
PASpring Garden11,140
11%
MATaunton6,042
11%
MAGloucester7,510
7%
RISmithfield6,857
4%

Score Distribution

Percentile by Number Answered

Percent of People with Each Score

Your Score History

You have not taken this quiz